Click the Horror Movie - Sudden Death - Statistics

General Stats
  • This quiz has been taken 195 times
    109 since last reset
  • The average score is 5 of 16
Answers on the Grid
Answers color-coded by a green-red scale on the quiz's grid according to % correct below.
Candyman
The Spiders From Mars
Dinosaur Dracula
I Spit On Your Grave
Scary Movie
The Elephant Man
A Bucket of Blood
Popeye the Slayer Man
Before Sunset
It Happened One Night
Alice Doesn't Live Here Anymore
To the Lighthouse
Werewolf in a Girls' Dormitory
Home Alone
Land of the Dead
Into the Woods
The Last House on the Left
From Dusk till Dawn
Are You My Mother?
Darkness Falls
The Devil in the White City
The Empty Man
The Town That Dreaded Sundown
Middlemarch
Midsommar
Slaughterhouse-Five
Death of a Salesman
Rawhead Rex
Near Dark
The Iceman Cometh
Alice, Sweet Alice
We Only Come Out at Night
 
Answer Stats
Answer % Correct
Horror Movie Candyman
64%
Horror Movie Midsommar
62%
Horror Movie Scary Movie
56%
Horror Movie From Dusk till Dawn
49%
Horror Movie The Last House on the Left
49%
Horror Movie I Spit On Your Grave
44%
Horror Movie Land of the Dead
29%
Horror Movie The Town That Dreaded Sundown
29%
Horror Movie A Bucket of Blood
22%
Horror Movie Alice, Sweet Alice
16%
Horror Movie Darkness Falls
16%
Horror Movie Near Dark
13%
Horror Movie Popeye the Slayer Man
13%
Horror Movie Rawhead Rex
9%
Horror Movie The Empty Man
9%
Horror Movie Werewolf in a Girls' Dormitory
4%
No matching quizzes found
Score Distribution
Percent of People with Each Score
Percentile by Number Answered
Your Score History
You have not taken this quiz since the last reset